| 000 | 00646nam a2200181Ia 4500 | ||
|---|---|---|---|
| 008 | 100122s9999 xx 000 0 und d | ||
| 082 |
_b11597 _a823.08 |
||
| 100 | _aकुलकर्णी पंडित अनंत | ||
| 245 | _aलाडक्या लेकी भाग. 2 | ||
| 250 | _a1 | ||
| 260 |
_bकुलकर्णी ग्रंथगार _c1962 |
||
| 300 | _a178 | ||
| 630 | _aलाडक्या लेकी भाग. 2 | ||
| 700 | _aकुलकर्णी पंडित अनंत | ||
| 700 | _aअदवंत म ना | ||
| 730 | _aलाडक्या लेकी भाग. 2 | ||
| 942 | _cBOOK | ||
| 999 |
_c402941 _d402938 |
||